000 00688nam a2200229Ii 4500
003 JO-AjNU
008 230605s9999||||xx |||||||||||||| ||und||
017 _a1996/392
020 _a99921-26-07-2
040 _aJO-AjNU
_bara
_erda
_cJO-AjNU
041 _aara
050 1 4 _aPJ7820 1996
100 3 _aمال الله، زكية,
_eauthor
_952121
245 0 0 _aنجمة في الذاكرة
250 _aط1
264 3 1 _aقطر: دار الثقافة، 1996
300 _a186ص
336 _atext
_btxt
_2rdacontent
337 _aunmediated
_bn
_2rdamedia
338 _avolume
_bnc
_2rdacarrier
650 4 _aالادب العربي - الشعر الحديث - القرن 20
_952122
999 _aA23069
_c26637
_d26637